MARC

LEADER 00000nam0a2200000 4500
001 319866
005 20231102003224.0
035 |a (RuTPU)RU\TPU\book\345376 
090 |a 319866 
100 |a 20160614d1935 m y0rusy50 ca 
101 0 |a rus 
102 |a RU 
105 |a a z 001zb 
200 1 |a Куприн Александр Васильевич  |f В. Никольский 
210 |a Москва  |c Всекохудожник  |d 1935 
215 |a 120 с.  |c ил. 
225 1 |a Серия монографий  |e Советские художники  |v 4 
320 |a Библиогр.: с. 110-120 
320 |a Список произведений: с. 93-109 
600 1 |a Куприн  |b А. В.  |c живописец, пейзажист  |c член-корреспондент АХ СССР  |f 1880-1960  |g Александр Васильевич  |2 stltpush  |3 (RuTPU)RU\TPU\pers\46120  |9 22049 
606 1 |a Живописцы  |2 stltpush  |3 (RuTPU)RU\TPU\subj\10834  |9 37852 
610 1 |a изобразительное искусство 
610 1 |a русская живопись 
610 1 |a художники 
610 1 |a Россия 
610 1 |a 20 век 
610 1 |a история 
610 1 |a жизнь 
610 1 |a творчество 
675 |a 75.071(092)  |v 4 
700 1 |a Никольский  |b В.  |g Виктор 
801 1 |a RU  |b 63413507  |c 20160614 
801 2 |a RU  |b 63413507  |c 20200909  |g RCR 
942 |c BK